000
00391nam a22001337a 4500
003
SGT
020
_a
9789389373455
082
_a
080
_b
V20K
100
_a
कुमार, प्रवीण
245
_a
वास्को दी गामा की साईकिल
260
_b
राजपाल एंड संस विश्वास
_c
2020
300
_a
174
942
_2
ddc
_c
BK
999
_c
31650
_d
31650